000 00655nam a2200265Ia 4500
003 OSt
005 20221006151850.0
006 a|||||r|||| 00| 0
007 ta
008 221006b |||||||| |||| 00| 0 eng d
020 _c729.00
024 _a23,741
037 _cTextual
040 _aEASL
_cEASL
_beng
041 _2eng
_aeng
082 _az4aN8, M0
100 _aNUNN G R
_9266051
245 0 _aAsia reference works
_b A select annotated guide
260 _aLondon
_bMansell
_c1980
300 _a365p.
_ccm.
490 _v BB
650 _aGen
942 _hz4aN8, M0
_cTEXL
_2CC
999 _c1091827
_d1091827